00500 2200193 4500001002100000005001700021006001900038008004100057020001800098035002500116041000700141082001100148090001600159100003300175245003000208250000600238260003700244300002500281INLIS00000000000731720140224144228.0a ||| | 180719| ||| | id  a979-561-255-7 a0010-031300000007317 aid0 a297.57 a297.57 AL e0 aDR. ABDUL AZIZ AL - KHAYYATH00aETIKA BEKERJA DALAM ISLAM a1 aJakartabGema Insani Pressc1994 a92hlm.; ilus.; 18cm.